banner koha

Bioecologia e Controle do Aceria reyesi (Nuzzaci, 1973), Ácaro-da-gema-vegetativa do cacaueiro (Registro n. 298910)

MARC details
000 -LÍDER
Campo de controle fixo 01247nam a22003017a 4500
001 - NÚMERO DE CONTROLE
Número de controle BR2023002193
003 - CÓDIGO MARC DA AGÊNCIA CATALOGADORA
Campo de controle BR-BrBNA
005 - DATA E HORA DA ÚLTIMA ATUALIZAÇÃO
Campo de controle 20240322143620.0
008 - CAMPO DE TAMANHO FIXO
Campo fixo de controle 240322b2019 bl.a|||| |||| 00| 0 por d
040 ## - FONTE DA CATALOGAÇÃO
Agência catalogadora BR-BrBNA
Idioma da catalogação por
041 ## - CÓDIGO DO IDIOMA
Código do Idioma por
072 ## - CATEGORIA AGRIS
Código da categoria de assunto/objeto <a href="H10; H01; T10">H10; H01; T10</a>
Código do objeto 4030; 2110; 3872
100 ## - ENTRADA PRINCIPAL - NOME PESSOAL
Nome pessoal Nakayama, Kazuiyuki
100 ## - ENTRADA PRINCIPAL - NOME PESSOAL
Nome pessoal Argôlo, Ronaldo Costa (Ed.)
110 1# - ENTRADA PRINCIPAL - ENTIDADE
9 (RLIN) 7278
Nome da entidade ou lugar Ministério da Agricultura, Pecuária e Abastecimento, Brasília, DF (Brasil). Comissão Executiva do Plano da Lavoura Cacaueira
245 ## - TÍTULO PRINCIPAL
Título principal Bioecologia e Controle do Aceria reyesi (Nuzzaci, 1973), Ácaro-da-gema-vegetativa do cacaueiro
260 ## - IMPRENTA (PUBLICAÇÃO, DISTRIBUIÇÃO, ETC.)
Lugar de publicação, distribuição, etc. Ilhéus, BA (Brasil) :
Nome do editor, distribuidor, etc. Ceplac,
Data de publicação, distribuição, etc 2019
300 ## - DESCRIÇÃO FÍSICA
Extensão 25 p.
490 ## - INDICAÇÃO DE SÉRIE
Título da série Boletim Técnico - Comissão Executiva do Plano da Lavoura Cacaueira (Brazil)
Número do volume ou designação sequencial da série no. 211
ISSN 0100-0845
520 ## - NOTA DE RESUMO, ETC
Nota de conteúdo Este trabalho analisa a biologia, a sintomatologia do ataque e o potencial controle químico do ácaro da-gema em cacaueiro.
650 ## - ASSUNTO - THESAGRO
Cabeçalho tópico ou nome geográfico PRAGA DE PLANTA
650 ## - ASSUNTO - THESAGRO
Cabeçalho tópico ou nome geográfico CONTROLE QUIMICO
650 ## - ASSUNTO - THESAGRO
Cabeçalho tópico ou nome geográfico ACARICIDA
650 ## - ASSUNTO - THESAGRO
Cabeçalho tópico ou nome geográfico CACAU
856 ## - ACESSO E ENDEREÇO ELETRÔNICO
Identificador uniforme de recurso - URI https://www.gov.br/agricultura/pt-br/assuntos/ceplac/publicacoes/boletins-tecnicos-bahia/bt-211.pdf
909 ## - IDENTIFICAÇÃO DO CATALOGADOR
Ano e mês da catalogação (aaaamm) 202403
Identificação do catalogador Wanessa Ribeiro
942 ## - TIPO ESPECÍFICO
Tipo de material Monografia Seriada
952 ## - LOCATION AND ITEM INFORMATION (KOHA)
-- 2024-03-22
Exemplares
Status de empréstimo Fonte de classificação Status de danificação Não pode ser emprestado Código da coleção Localização permanente Localização atual Localização na estante Enumeração de periódico Total Checkouts Código de barras Tipo de material
  Classificação AGRIS     Periódicos agrícolas Biblioteca Nacional de Agricultura - Binagri Biblioteca Nacional de Agricultura - Binagri Agrobase - Periódicos 2019 (211)   2024-0205 Monografia Seriada

BINAGRI

Telefone: (61)3218-2567/2388/3357/2097 - binagri@agro.gov.br

Ministério da Agricultura e Pecuária , Esplanada dos Ministérios, Bloco D, Anexo B, Brasília/DF, CEP: 70.043-900